AURAT FOUNDATION (A): STRUCTURAL REORGANIZATION 1995-2003 (Record no. 351177)
[ view plain ]
| 000 -LEADER | |
|---|---|
| fixed length control field | 00812nam a22002177a 4500 |
| 003 - CONTROL NUMBER IDENTIFIER | |
| control field | OSt |
| 005 - DATE AND TIME OF LATEST TRANSACTION | |
| control field | 20260212155842.0 |
| 008 - FIXED-LENGTH DATA ELEMENTS--GENERAL INFORMATION | |
| fixed length control field | 160219b xxu||||| |||| 00| 0 eng d |
| 020 ## - INTERNATIONAL STANDARD BOOK NUMBER | |
| International Standard Book Number | 05-706-2005-1 |
| 024 ## - OTHER STANDARD IDENTIFIER | |
| Source of number or code | 05-706-2005-1 |
| 040 ## - CATALOGING SOURCE | |
| Transcribing agency | Lahore University of Management Sciences |
| 082 ## - DEWEY DECIMAL CLASSIFICATION NUMBER | |
| Classification number | Lahore University of Management Sciences |
| 100 ## - MAIN ENTRY--PERSONAL NAME | |
| Personal name | Mehreen Chandan |
| 9 (RLIN) | 133187 |
| 245 ## - TITLE STATEMENT | |
| Title | AURAT FOUNDATION (A): STRUCTURAL REORGANIZATION 1995-2003 |
| Statement of responsibility, etc. | By Mehreen Chandan |
| 260 ## - PUBLICATION, DISTRIBUTION, ETC. | |
| Place of publication, distribution, etc. | Lahore |
| Name of publisher, distributor, etc. | Lahore University of Management Sciences |
| Date of publication, distribution, etc. | 2005 |
| 300 ## - PHYSICAL DESCRIPTION | |
| Extent | 17 p. |
| Other physical details | Papers |
| 440 ## - SERIES STATEMENT/ADDED ENTRY--TITLE | |
| Title | AURAT FOUNDATION (A): STRUCTURAL REORGANIZATION 1995-2003 |
| 9 (RLIN) | 133188 |
| 590 ## - LOCAL NOTE (RLIN) | |
| Linkage (RLIN) | http://10.250.8.41:8080/xmlui/handle/123456789/56757 |
| 856 ## - ELECTRONIC LOCATION AND ACCESS | |
| Uniform Resource Identifier | <a href="http://10.250.8.41:8080/xmlui/handle/123456789/56757">http://10.250.8.41:8080/xmlui/handle/123456789/56757</a> |
| 942 ## - ADDED ENTRY ELEMENTS (KOHA) | |
| Source of classification or shelving scheme | |
| Koha item type | Case Studies |
| Withdrawn status | Lost status | Source of classification or shelving scheme | Damaged status | Not for loan | Collection code | Permanent Location | Current Location | Shelving location | Date acquired | Total Checkouts | Full call number | Barcode | Date last seen | Date last checked out | Price effective from | Koha item type |
|---|---|---|---|---|---|---|---|---|---|---|---|---|---|---|---|---|
| Central Library (CL) | Central Library (CL) | Reference | 02/19/2016 | 1 | Lahore University of Management Sciences | NBS9969 | 03/24/2016 | 02/25/2016 | 02/19/2016 | Case Studies |
